POĽOVNÍCTVO Z ASPEKTU BIODIVERZITY

Bibliographic Details
Main Author: Sládek, Jozef, 1927- (Author)
Format: Article
Language:Slovak
ISBN:8022806072

MARC

LEADER 00000naa a2200000uu 4500
001 vtls011093243
003 SK-MaSNL
005 20260302110448.0
008 210824|1997 xo |||||||||||||||||slo|
015 |a SNBRA 
035 |a (urnnbn)urn:nbn:sk:snk:ar-a0cs6m 
035 |a (uuid)40990f34-756d-4b70-8c29-5211d85b7248 
035 |a urn:nbn:sk:snk-aavxuz 
040 |a SNKBUCL  |b slo  |c SNKBUCL  |e AACR2 
041 0 |a slo 
044 |a xo  |c SK 
100 1 |a Sládek, Jozef,  |d 1927-  |4 aut  |9 97457 
245 1 0 |a POĽOVNÍCTVO Z ASPEKTU BIODIVERZITY  |c Jozef SLÁDEK 
773 0 |t Biodiverzita z aspektu ochrany lesa a poľovníctva : zborník referátov z konferencie  |d Vo Zvolene : Technická univerzita, 1997  |g S. 203-209  |z 8022806072 
958 |a OND 
958 |a article12 
958 |a chapter 
999 |c 1243513  |d 1245443